| 000 | 02419cam a2200625 i 4500 | ||
|---|---|---|---|
| 001 | xx005835959 | ||
| 003 | NUKAT | ||
| 005 | 20260324090234.0 | ||
| 008 | 250508s2025 pl a g |001 0dpol c | ||
| 020 |
_a9788368091151 _q(oprawa miękka) |
||
| 035 | _a(NUKAT)xx005835959 | ||
| 040 |
_aKAT U/ER _bpol _erda _cKAT U/ERs _dKAT U/AF |
||
| 041 | 1 |
_apol _hger |
|
| 045 | 2 |
_bd1712 _bd2022 |
|
| 046 | _k2011 | ||
| 100 | 1 |
_aBömelburg, Hans-Jürgen _d(1961- ). _eAutor _924412 |
|
| 240 | 1 | 0 |
_aFriedrich II. zwischen Deutschland und Polen _l(pol.) |
| 245 | 1 | 0 |
_aFryderyk II Wielki : _bKról Prus, zaborca Polski, przedmiot sporu i kultu / _cHans-Jürgen Bömelburg, Matthias Barelkowski ; przekład Justyna Górny ; wprowadzenie do polskiego wydania Edmund Kizik. |
| 250 | _aWydanie I. | ||
| 260 |
_aWarszawa : _bNiemiecki Instytut Historyczny : _bWydawnictwo Naukowe Scholar, _c2025. |
||
| 300 |
_a422, [1] strona : _bilustracje ; _c21 cm. |
||
| 336 |
_aTekst _btxt _2rdacontent |
||
| 337 |
_aBez urządzenia pośredniczącego _bn _2rdamedia |
||
| 338 |
_aWolumin _bnc _2rdacarrier |
||
| 380 | _aKsiążki | ||
| 380 | _aPublikacje naukowe | ||
| 388 | 1 | _a2001- | |
| 490 | 1 |
_aKlio w Niemczech ; _v29 |
|
| 504 | _aBibliografia na stronach 369-407. Indeks. | ||
| 600 | 0 | 7 |
_aFryderyk _bII Wielki _c(król Prus ; _d1712-1786) _2DBN _937201 |
| 648 | 7 |
_a1701-1800 _2DBN _936035 |
|
| 648 | 7 |
_a1801-1900 _2DBN _936037 |
|
| 648 | 7 |
_a1901-2000 _2DBN _934996 |
|
| 648 | 7 |
_a2001- _2DBN _936393 |
|
| 650 | 7 |
_aAntypolonizm _2DBN _938851 |
|
| 650 | 7 |
_aHistoriografia niemiecka _2DBN _937327 |
|
| 650 | 7 |
_aHistoriografia polska _2DBN _938085 |
|
| 650 | 7 |
_aPamięć zbiorowa _2DBN _935450 |
|
| 650 | 7 |
_aPolityka historyczna _2DBN _936913 |
|
| 650 | 7 |
_aWładcy i władczynie _2DBN _935698 |
|
| 650 | 7 |
_aWpływ i recepcja _2DBN _936244 |
|
| 651 | 7 |
_aNiemcy _2DBN _935243 |
|
| 651 | 7 |
_aPolska _2DBN _935076 |
|
| 651 | 7 |
_aPrusy _2DBN _935118 |
|
| 655 | 7 |
_aOpracowanie _2DBN _935024 |
|
| 658 | _aHistoria | ||
| 700 | 1 |
_aBarełkowski, Matthias _d(1967- ). _eAutor _938850 |
|
| 700 | 1 |
_aGórny, Justyna. _eTłumaczenie _924413 |
|
| 700 | 1 |
_aKizik, Edmund _d(1960- ). _ePrzedmowa _919706 |
|
| 710 | 2 |
_aNiemiecki Instytut Historyczny (Warszawa). _eWydawca _4pbl _926634 |
|
| 710 | 2 |
_aWydawnictwo Naukowe Scholar. _eWydawca _4pbl _918275 |
|
| 830 | 0 |
_aKlio w Niemczech _v29 _923347 |
|
| 920 | _a978-83-68091-15-1 (oprawa miękka) | ||
| 942 |
_2ddc _cBK_NM |
||
| 999 |
_c27250 _d27250 |
||